[Event "ICS rated blitz match"]
[Site "204.178.125.65"]
[Date "2000.03.08"]
[Round "?"]
[White "Muskovit3"]
[Black "Hossa"]
[Result "1/2-1/2"]
[WhiteElo "2690"]
[BlackElo "2471"]
[PlyCount "248"]

1. e4 e5 2. Nf3 Nc6 3. Bb5 a6 4. Ba4 Nf6 5. O-O Be7 6. Re1 b5 7. Bb3 O-O 8. c3
d5 9. exd5 Nxd5 10. Nxe5 Nxe5 11. Rxe5 c6 12. d4 Bd6 13. Re1 Qh4 14. g3 Qh3 15.
Be3 Bg4 16. Qd3 Rae8 17. Nd2 Re6 18. a4 f5 19. Qf1 Qh5 20. f4 bxa4 21. Rxa4
Rfe8 22. Rxa6 Rxe3 23. Rxe3 Rxe3 24. Rxc6 Qe8 25. Bxd5+ Kf8 26. Ne4 fxe4 27.
Rxd6 Rd3 28. Ra6 Qb5 29. Ra8+ Ke7 30. Ra7+ Kd6 31. Bxe4 Rd1 32. Qxd1 Bxd1 33.
Rxg7 Qxb2 34. Rxh7 Qxc3 35. Rh6+ Ke7 36. Rh7+ Kf6 37. Rh6+ Kg7 38. Rh7+ Kg8 39.
Re7 Qxd4+ 40. Kg2 Qd2+ 41. Kh3 Bb3 42. Bf5 Bd5 43. Rd7 Qg2+ 44. Kg4 Qe2+ 45.
Kg5 Bf7 46. g4 Qxh2 47. Bg6 Bb3 48. Be4 Be6 49. Re7 Bc4 50. Rc7 Qb2 51. Bg6 Kf8
52. Rc8+ Ke7 53. Re8+ Kd6 54. Rd8+ Kc7 55. Re8 Qd2 56. Bf5 Qd4 57. Re7+ Kb6 58.
Rd7 Qc5 59. Kg6 Qf2 60. Kg5 Qe2 61. Rh7 Qe8 62. Rd7 Kc6 63. Rh7 Qd8+ 64. Kg6
Kc5 65. Rd7 Qb8 66. Kg5 Qf8 67. Bg6 Kc6 68. Bf5 Bf7 69. Rd1 Qg7+ 70. Kh4 Qf6+
71. Kh3 Bc4 72. Kg3 Qc3+ 73. Kh4 Qf3 74. Rd7 Qxf4 75. Kh5 Be2 76. Kh4 Kc5 77.
Rb7 Qh6+ 78. Kg3 Qd6+ 79. Kh3 Bc4 80. Rd7 Qh6+ 81. Kg3 Bd5 82. Rh7 Qd6+ 83. Kh3
Qf4 84. Kh4 Be6 85. Rh5 Bf7 86. Rh7 Bd5 87. Kh5 Bf3 88. Kh4 Kb5 89. Rf7 Qh6+
90. Kg3 Bd5 91. Rh7 Qd6+ 92. Kh4 Qf6+ 93. Kg3 Qe5+ 94. Kh4 Bf3 95. Kg5 Qe3+ 96.
Kg6 Qe8+ 97. Kh6 Qf8+ 98. Kg6 Qg8+ 99. Rg7 Qe8+ 100. Rf7 Kb4 101. Kg7 Bd5 102.
Rf6 Qg8+ 103. Kh6 Qh8+ 104. Kg6 Bc6 105. Kg5 Qg7+ 106. Rg6 Qe7+ 107. Kf4 Qc7+
108. Kg5 Qd8+ 109. Rf6 Bf3 110. Be6 Qe7 111. Kg6 Be4+ 112. Bf5 Qe8+ 113. Kg5
Bg2 114. Re6 Qd8+ 115. Kg6 Qg8+ 116. Kf6 Qh8+ 117. Kg6 Bc6 118. Re3 Qg8+ 119.
Kh5 Qf7+ 120. Kg5 Bd5 121. Kf4 Qc7+ 122. Kg5 Qd6 123. Re1 Ka3 124. Re3+ Bb3
1/2-1/2

[Event "ICS rated blitz match"]
[Site "204.178.125.65"]
[Date "2000.03.08"]
[Round "?"]
[White "Hossa"]
[Black "heatstroke"]
[Result "1/2-1/2"]
[WhiteElo "2480"]
[BlackElo "2856"]
[PlyCount "163"]

1. Nf3 Nf6 2. g3 d5 3. Bg2 c6 4. O-O Bg4 5. Ne5 Be6 6. d4 g6 7. c4 dxc4 8. Na3
Nbd7 9. Naxc4 Nxe5 10. Nxe5 Bg7 11. e4 O-O 12. Be3 Nd7 13. Nd3 Qa5 14. Qc2 Qa6
15. Rfc1 Bg4 16. h3 Be6 17. Nf4 Qb5 18. Nxe6 fxe6 19. Bf1 Qb4 20. a3 Qb6 21.
Bc4 Rad8 22. Bxe6+ Kh8 23. Qc4 Nf6 24. Rc2 Qa5 25. d5 cxd5 26. exd5 Nxd5 27.
Bxa7 Nb6 28. Bxb6 Qxb6 29. Qb3 Qxb3 30. Bxb3 Rf3 31. Be6 Rfd3 32. Re1 Rd2 33.
Re2 Rxe2 34. Rxe2 Bd4 35. h4 Kg7 36. Kg2 Kf6 37. b3 Rd6 38. Bc8 Ra6 39. Bxb7
Rxa3 40. Bd5 e5 41. b4 Ra4 42. Rc2 Rxb4 43. Rc7 e4 44. Rxh7 Rb2 45. Bxe4 Rxf2+
46. Kh3 Re2 47. Bf3 Re3 48. Rd7 Be5 49. Kg2 Rb3 50. Rd1 Rb2+ 51. Kh3 Rb3 52.
Rf1 Ra3 53. Kg2 Ra2+ 54. Kh3 Ra3 55. Kg2 Ra2+ 56. Kh3 Ra3 57. Kg4 Ke6 58. Re1
Kf6 59. Re2 Ra4+ 60. Kh3 Ra3 61. Kg2 Rb3 62. Re4 Rb2+ 63. Be2 Kf5 64. Re3 Bd4
65. Re8 Be5 66. g4+ Kf4 67. Kf2 Bd4+ 68. Ke1 Bc3+ 69. Kf1 Rb1+ 70. Kg2 Rb2 71.
Kh3 Bf6 72. Bd3 Rb3 73. Re4+ Kf3 74. Re6 Be5 75. Rxe5 Rxd3 76. Rg5 Rd1 77. Kh2
Rd2+ 78. Kh3 Rd1 79. Kh2 Rd2+ 80. Kh3 Rd1 81. Kh2 Rd2+ 82. Kh3 1/2-1/2

[Event "ICS rated blitz match"]
[Site "204.178.125.65"]
[Date "2000.03.08"]
[Round "?"]
[White "heatstroke"]
[Black "Hossa"]
[Result "1-0"]
[WhiteElo "2843"]
[BlackElo "2493"]
[PlyCount "145"]

1. e4 c5 2. Nf3 d6 3. d4 cxd4 4. Nxd4 Nf6 5. Nc3 a6 6. Bc4 e6 7. Bb3 Be7 8. g4
Nc6 9. g5 Nxd4 10. Qxd4 Nh5 11. Rg1 O-O 12. Be3 Bd7 13. a3 b5 14. Qd2 a5 15.
Qe2 b4 16. Na4 Bxa4 17. Bxa4 g6 18. Bc6 bxa3 19. Bxa8 axb2 20. Rb1 Qxa8 21. Bd4
f5 22. Rxb2 Nf4 23. Qe3 fxe4 24. Rg4 e5 25. Qb3+ Kh8 26. Qb7 Qxb7 27. Rxb7 exd4
28. Rxe7 d5 29. h4 Nh3 30. Rg3 Nxf2 31. Rb3 e3 32. Rbb7 Rc8 33. Rxh7+ Kg8 34.
Rbg7+ Kf8 35. Ra7 Kg8 36. Rhg7+ Kf8 37. Rgf7+ Kg8 38. Rfd7 d3 39. cxd3 Nxd3+
40. Ke2 Nf4+ 41. Kxe3 Ng2+ 42. Kd2 Nf4 43. Rxa5 Rf8 44. Raa7 Rb8 45. Rg7+ Kh8
46. Rh7+ Kg8 47. Rag7+ Kf8 48. Rd7 Kg8 49. Rhg7+ Kh8 50. Rgf7 Ne6 51. Rxd5 Rb4
52. Rf6 Rb2+ 53. Ke3 Rb3+ 54. Rd3 Rb1 55. Rxg6 Rh1 56. Kf2 Nc5 57. Rd8+ Kh7 58.
Rc6 Rc1 59. g6+ Kg7 60. Kf3 Rf1+ 61. Kg4 Ne4 62. Rc7+ Kxg6 63. h5+ Kf6 64. Rf8+
Ke5 65. Rxf1 Kd5 66. h6 Kd6 67. Rff7 Ke6 68. h7 Nf2+ 69. Rxf2 Kd6 70. Rff7 Kd5
71. h8=Q Ke4 72. Qe8+ Kd4 73. Rfd7# 1-0

[Event "ICS rated bullet match"]
[Site "204.178.125.65"]
[Date "2000.03.08"]
[Round "?"]
[White "Champbuster"]
[Black "Hossa"]
[Result "0-1"]
[WhiteElo "2258"]
[BlackElo "2328"]
[PlyCount "124"]

1. e4 e5 2. Nf3 Nc6 3. d4 exd4 4. Nxd4 Nf6 5. Nxc6 bxc6 6. e5 Qe7 7. Qe2 Nd5 8.
c4 Ba6 9. b3 g5 10. g3 Bg7 11. Bb2 O-O 12. Bg2 Rfe8 13. O-O Bxe5 14. Qxe5 Qxe5
15. Bxe5 Rxe5 16. cxd5 Bxf1 17. Kxf1 cxd5 18. Nc3 c6 19. Na4 Kg7 20. Rc1 g4 21.
Nc5 Re7 22. f3 f5 23. h3 h5 24. Kf2 Rae8 25. Rc2 d6 26. Nd3 c5 27. Nf4 gxh3 28.
Bxh3 Re5 29. Nxh5+ Kg6 30. Nf4+ Kg5 31. Bf1 Rd8 32. Bb5 Rh8 33. Kg2 d4 34. Nh3+
Kf6 35. Nf2 Re7 36. g4 Rg7 37. Bd3 fxg4 38. Nxg4+ Kg5 39. Kg3 Rf8 40. Re2 Rgf7
41. Be4 Rd7 42. Bd5 Rf5 43. Bc6 Rc7 44. Be4 Rf8 45. Rh2 Rd7 46. Bd5 a5 47. a3
Ra7 48. a4 Rf5 49. Be4 Rf8 50. Rc2 Re7 51. Rd2 Rd7 52. Re2 Rdd8 53. Bd5 Rf5 54.
Bc4 Rdf8 55. Bd5 Rxd5 56. Re7 Rb8 57. Rg7+ Kf5 58. Rh7 Rxb3 59. Rh5+ Ke6 60.
Rh6+ Kf7 61. Rh7+ Kg6 62. Rh6+ Kg7 0-1

[Event "ICS rated blitz match"]
[Site "204.178.125.65"]
[Date "2000.03.08"]
[Round "?"]
[White "QueenMaxima"]
[Black "Hossa"]
[Result "0-1"]
[WhiteElo "2254"]
[BlackElo "2489"]
[PlyCount "116"]

1. c4 Nf6 2. g3 c6 3. Nc3 d5 4. cxd5 cxd5 5. Bg2 d4 6. Qa4+ Nc6 7. Nb5 e5 8.
Na3 e4 9. h3 Bb4 10. Nc4 Be6 11. b3 O-O 12. a3 Ba5 13. Rb1 Rc8 14. Qb5 a6 15.
Qg5 b5 16. b4 Bxb4 17. axb4 Bxc4 18. Ba3 Re8 19. Qh4 Qd6 20. Ra1 d3 21. Rc1 Nd4
22. e3 Nc2+ 23. Rxc2 dxc2 24. Bc1 Qxb4 25. Ne2 a5 26. f3 exf3 27. Bxf3 Rxe3 28.
O-O Rxe2 29. Bxe2 Bxe2 30. Qxb4 axb4 31. Re1 Bd3 32. Re3 Rd8 33. Kg2 b3 34. Kf3
Bc4 35. d3 Rxd3 36. Rxd3 Bxd3 37. Ke3 Bf1 38. h4 Bg2 39. Kd4 Ne4 40. g4 f6 41.
g5 Kf7 42. gxf6 gxf6 43. h5 Ke6 44. Ke3 Kf5 45. Kd3 Kg4 46. h6 f5 47. Kd4 f4
48. Ke5 Nc3 49. Ba3 Nd1 50. Kd6 b2 51. Ke6 b1=Q 52. Ke7 f3 53. Kd7 f2 54. Ke7
f1=Q 55. Ke8 Qa2 56. Be7 c1=Q 57. Bd6 Qc8+ 58. Ke7 Qae6# 0-1

[Event "ICS rated bullet match"]
[Site "204.178.125.65"]
[Date "2000.03.08"]
[Round "?"]
[White "Hossa"]
[Black "QueenMaxima"]
[Result "1/2-1/2"]
[WhiteElo "2341"]
[BlackElo "2370"]
[PlyCount "205"]

1. d4 d5 2. c4 c6 3. Nf3 Nf6 4. Nc3 dxc4 5. a4 Bf5 6. e3 e6 7. Bxc4 Be7 8. Qb3
Qc7 9. Nh4 Bg4 10. h3 Bh5 11. g4 Ng8 12. Nf3 Bg6 13. h4 Qb6 14. h5 Qxb3 15.
Bxb3 Bd3 16. Ne5 Ba6 17. a5 Bd6 18. Nc4 Bb4 19. Ra4 Be7 20. e4 h6 21. Bf4 Nf6
22. f3 O-O 23. Ne3 Nbd7 24. Bc4 Bxc4 25. Rxc4 Rfc8 26. Ra4 c5 27. d5 exd5 28.
Nexd5 Bd8 29. a6 b6 30. Ne3 Nf8 31. Be5 N6d7 32. Bd6 Ne6 33. Nf5 Kh8 34. Nd5 b5
35. Ra1 Nf6 36. Nde7 Bxe7 37. Bxe7 Ng8 38. Bh4 Rf8 39. Rd1 Kh7 40. Kf2 Kh8 41.
Bg3 Nf6 42. Nd6 b4 43. Bh4 Ng8 44. Rc1 Kh7 45. Rc4 Nf4 46. Rd1 Ne6 47. Nb7 Rac8
48. Rdc1 Rc7 49. Bg3 Rc6 50. Rxb4 Rxa6 51. Nxc5 Rc8 52. Rb5 Rac6 53. b4 Rb6 54.
Rxb6 axb6 55. Nd3 Rxc1 56. Nxc1 Ng5 57. Nd3 b5 58. Nc5 Kh8 59. Be5 Ne7 60. f4
Nh7 61. Nd7 Kg8 62. Bd6 Nc6 63. Bc5 Nd8 64. Ke3 Ne6 65. Bd6 Nef8 66. Nc5 Nf6
67. Bxf8 Kxf8 68. Kf3 Ne8 69. Na6 Ke7 70. e5 Kd7 71. Nc5+ Ke7 72. f5 Nc7 73.
Ke4 Kf8 74. Nd7+ Kg8 75. Kd4 Na6 76. e6 fxe6 77. fxe6 Nxb4 78. Kc5 Nc2 79. Ne5
Kf8 80. Nc6 Ne3 81. g5 hxg5 82. Kxb5 Nd5 83. Kc5 Nf4 84. Kd6 Nxh5 85. Kd7 Nf6+
86. Kd8 Nd5 87. e7+ Nxe7 88. Nxe7 g4 89. Ng6+ Kg8 90. Kc8 g3 91. Ne5 g2 92. Nf3
g5 93. Ng1 Kf7 94. Kd7 Kf6 95. Kd6 Kf5 96. Kd5 Kf4 97. Kd4 g4 98. Kd3 Kg3 99.
Ke3 Kh2 100. Ne2 g1=Q+ 101. Nxg1 Kxg1 102. Kf4 Kf2 103. Kxg4 1/2-1/2

[Event "ICS rated bullet match"]
[Site "204.178.125.65"]
[Date "2000.03.08"]
[Round "?"]
[White "QueenMaxima"]
[Black "Hossa"]
[Result "1-0"]
[WhiteElo "2371"]
[BlackElo "2342"]
[PlyCount "111"]

1. d4 Nf6 2. c4 e6 3. Nf3 b6 4. a3 Bb7 5. Nc3 d5 6. Bg5 Be7 7. e3 O-O 8. Rc1
Nbd7 9. Be2 c5 10. cxd5 Nxd5 11. Bxe7 Qxe7 12. Nxd5 exd5 13. O-O g6 14. Qa4 Nf6
15. b3 Ne4 16. Ne5 cxd4 17. exd4 Nc5 18. dxc5 Qxe5 19. Rfe1 bxc5 20. Qb5 Rfb8
21. Qxc5 Rc8 22. Qb5 Rxc1 23. Rxc1 Rb8 24. Bd3 Qd4 25. Rc7 h6 26. h3 a6 27. Qd7
Rf8 28. Bf1 Ba8 29. Rc8 Qg7 30. Rxf8+ Qxf8 31. Qa7 Bc6 32. Qxa6 Qa8 33. Qb6 h5
34. a4 Qe8 35. a5 Qd7 36. b4 d4 37. b5 Be4 38. Qb8+ Kh7 39. Qe5 f5 40. Be2 d3
41. Bd1 Qg7 42. Qxg7+ Kxg7 43. a6 d2 44. b6 g5 45. b7 h4 46. b8=Q Kf7 47. a7
Ke6 48. Qe8+ Kd6 49. Qxe4 fxe4 50. a8=Q Ke5 51. Qd8 Kf5 52. Qd6 g4 53. hxg4+
Kg5 54. Kh2 h3 55. g3 e3 56. f4# 1-0

[Event "ICS rated blitz match"]
[Site "204.178.125.65"]
[Date "2000.03.08"]
[Round "?"]
[White "Hossa"]
[Black "did"]
[Result "0-1"]
[WhiteElo "2496"]
[BlackElo "2238"]
[PlyCount "78"]

1. c4 Nf6 2. Nc3 g6 3. Nf3 Bg7 4. d4 O-O 5. e4 d6 6. Bg5 h6 7. Bh4 c5 8. dxc5
dxc5 9. Qxd8 Rxd8 10. e5 Nfd7 11. O-O-O Nc6 12. Nd5 g5 13. Bg3 e6 14. Nc7 Rb8
15. h3 b6 16. Bd3 Ndxe5 17. Bxe5 Nxe5 18. Bh7+ Kxh7 19. Rxd8 Nxc4 20. b3 Bb2+
21. Kc2 Bf6 22. Rd3 Ne5 23. Re3 Nc6 24. Kc1 Bb7 25. Rg1 Nd4 26. a4 a6 27. a5
bxa5 28. Nxd4 cxd4 29. Re2 d3 30. Re3 Rc8 31. Rxd3 Rxc7+ 32. Kd2 Be4 33. Rd6
Be5 34. Rd8 Bf4+ 35. Ke1 Bd5 36. Ke2 Rc2+ 37. Kd3 Rd2+ 38. Kc3 Rxf2 39. Rd7 Kg6
0-1

[Event "ICS rated bullet match"]
[Site "204.178.125.65"]
[Date "2000.03.08"]
[Round "?"]
[White "Hossa"]
[Black "Xalva"]
[Result "1-0"]
[WhiteElo "2327"]
[BlackElo "2159"]
[PlyCount "33"]

1. e4 h5 2. Nc3 g6 3. d4 Bh6 4. Nf3 d6 5. Bc4 e6 6. O-O Nf6 7. Bxh6 Rxh6 8. e5
Ng4 9. h3 Rh8 10. exd6 cxd6 11. Bb5+ Kf8 12. hxg4 hxg4 13. Re1 f5 14. d5 e5 15.
Rxe5 dxe5 16. Nxe5 Qh4 17. Nxg6+ 1-0

[Event "ICS rated blitz match"]
[Site "204.178.125.65"]
[Date "2000.03.08"]
[Round "?"]
[White "Hossa"]
[Black "DersuUzala"]
[Result "1-0"]
[WhiteElo "2470"]
[BlackElo "2289"]
[PlyCount "21"]

1. e4 c5 2. Nf3 Nc6 3. d4 cxd4 4. Nxd4 Nf6 5. Nc3 d6 6. Bg5 e6 7. Qd2 Be7 8.
O-O-O h6 9. Bxf6 gxf6 10. Ncb5 a6 11. Nxc6 1-0

[Event "ICS rated blitz match"]
[Site "204.178.125.65"]
[Date "2000.03.08"]
[Round "?"]
[White "StrongBach"]
[Black "Hossa"]
[Result "0-1"]
[WhiteElo "1739"]
[BlackElo "2478"]
[PlyCount "68"]

1. d4 d5 2. Nf3 Nf6 3. Qd3 e6 4. Bd2 c5 5. Qb5+ Nbd7 6. Ba5 b6 7. Qc6 Ba6 8.
Bc3 cxd4 9. Bxd4 Be7 10. Bc3 O-O 11. Qa4 Bc4 12. e3 Nc5 13. Qb4 Nb3 14. cxb3
Bxb4 15. Bxb4 Bxf1 16. Rxf1 Re8 17. Bd2 Qc7 18. Nc3 e5 19. b4 Qc4 20. b5 Qd3
21. Rd1 d4 22. exd4 exd4+ 23. Be3 Rxe3+ 24. fxe3 Qxe3+ 25. Ne2 d3 26. Rf2 Ne4
27. Rxd3 Qxd3 28. Nc3 Nxc3 29. Rd2 Re8+ 30. Kf2 Ne4+ 31. Ke1 Nxd2+ 32. Kf2 Ne4+
33. Ke1 Rc8 34. a4 Rc1# 0-1

[Event "ICS Rated blitz match"]
[Site "204.178.125.65"]
[Date "2000.03.08"]
[Round "?"]
[White "Hossa"]
[Black "QueenMaxima"]
[Result "1-0"]
[WhiteElo "2478"]
[BlackElo "2267"]
[PlyCount "125"]

1. d4 f5 2. c4 e6 3. g3 Nf6 4. Bg2 Bb4+ 5. Bd2 a5 6. Nf3 O-O 7. O-O Bxd2 8.
Nfxd2 Nc6 9. Bxc6 dxc6 10. e3 Qe7 11. Nc3 c5 12. Nf3 Bd7 13. Ne5 cxd4 14. exd4
a4 15. Qf3 Qb4 16. Rab1 Rfd8 17. Rfe1 Be8 18. Qe3 Qd6 19. Rbd1 a3 20. bxa3 Rxa3
21. Rd3 Raa8 22. f4 Qa6 23. Rd2 b5 24. cxb5 Bxb5 25. Rc2 c6 26. Rb2 Nd5 27.
Nxd5 exd5 28. Rc1 Re8 29. Qc3 Re6 30. Qc5 Rae8 31. a3 Qa4 32. Ra1 Rh6 33. Rb4
Qa8 34. a4 Rc8 35. Re1 Ba6 36. Qe7 Rf6 37. Rb6 Rcf8 38. Rc1 Bc8 39. Qb4 Re8 40.
Rc5 Qa7 41. Rbxc6 Rxc6 42. Rxc6 Be6 43. Qb6 Qe7 44. a5 Kh8 45. a6 Bg8 46. Qc5
Qd8 47. a7 Qa8 48. Rc7 Be6 49. Qd6 h5 50. Ng6+ Kh7 51. Ne7 Bf7 52. Qd7 Rf8 53.
Rc8 g6 54. Rxa8 Rxa8 55. Qb7 Rxa7 56. Qxa7 h4 57. Nxf5 gxf5 58. Qxf7+ Kh8 59.
Qf6+ Kg8 60. gxh4 Kh7 61. h5 Kg8 62. h6 Kh7 63. Qg7# 1-0

[Event "ICS rated blitz match"]
[Site "204.178.125.65"]
[Date "2000.03.08"]
[Round "?"]
[White "JudgeTurpin"]
[Black "Hossa"]
[Result "0-1"]
[WhiteElo "2451"]
[BlackElo "2485"]
[PlyCount "126"]

1. e4 c5 2. Nf3 d6 3. d4 cxd4 4. Nxd4 Nf6 5. Nc3 a6 6. Bg5 e6 7. f4 Be7 8. Qf3
Qc7 9. O-O-O Nbd7 10. g4 b5 11. Bxf6 Nxf6 12. g5 Nd7 13. f5 Nc5 14. f6 gxf6 15.
gxf6 Bf8 16. Rg1 h5 17. Bd3 Nd7 18. Rdf1 Bb7 19. Qh3 Nc5 20. a3 Qb6 21. Kb1 b4
22. axb4 Qxb4 23. Nce2 Bxe4 24. Bxe4 Nxe4 25. c3 Qc4 26. Rf4 Nc5 27. Qf3 Rc8
28. Nc1 e5 29. Re1 Kd7 30. Rh4 exd4 31. Rxd4 Qb5 32. Re5 Rb8 33. Rb4 dxe5 34.
Rxb5 axb5 35. Qd5+ Bd6 36. Qxf7+ Kc6 37. Na2 Ne4 38. Qe6 Rbd8 39. f7 Kb6 40.
Qd5 Ng5 41. Qd2 Ne6 42. h3 Nf4 43. Qe3+ Kc6 44. h4 Rhf8 45. Qe4+ Kd7 46. Qb7+
Ke6 47. Qxb5 Rxf7 48. Nc1 Rg7 49. Qb3+ Kf5 50. Qc2+ e4 51. Qf2 Be5 52. Qf1 Rg2
53. Nb3 e3 54. Nd4+ Bxd4 55. cxd4 e2 56. Qe1 Nd3 57. Qa5+ Ke4 58. Ka2 e1=Q 59.
Qxe1+ Nxe1 60. Ka3 Nd3 61. b4 Rb2 62. Ka4 Rxb4+ 63. Ka5 Ra8# 0-1

[Event "ICS rated blitz match"]
[Site "204.178.125.65"]
[Date "2000.03.08"]
[Round "?"]
[White "Hossa"]
[Black "JudgeTurpin"]
[Result "1-0"]
[WhiteElo "2499"]
[BlackElo "2437"]
[PlyCount "139"]

1. d4 d5 2. c4 dxc4 3. Nf3 Nf6 4. e3 e6 5. Bxc4 c5 6. O-O a6 7. Qe2 b5 8. Bb3
Bb7 9. Rd1 Nbd7 10. Nc3 Qb6 11. d5 c4 12. dxe6 fxe6 13. Bc2 Bd6 14. Ng5 O-O 15.
Qd2 Bb4 16. Qe2 h6 17. Nh7 Nxh7 18. Rxd7 Qc6 19. Rxb7 Bxc3 20. Qg4 Qxb7 21.
Qxe6+ Qf7 22. Qxf7+ Kxf7 23. bxc3 Nf6 24. e4 Ke6 25. f4 Rfd8 26. a4 Kf7 27. Kf2
Rdb8 28. e5 Nd5 29. Be4 Ke6 30. g4 Ra7 31. Bxd5+ Kxd5 32. Be3 Rd7 33. axb5 Rxb5
34. Rxa6 Ke4 35. Ra2 Rd3 36. Re2 Kd5 37. Bd4 Rb7 38. e6 Kd6 39. f5 h5 40. g5 h4
41. Be5+ Kc6 42. f6 gxf6 43. gxf6 Rd8 44. e7 Rc8 45. Bf4 Re8 46. f7 Rexe7 47.
f8=Q Rxe2+ 48. Kxe2 Rb2+ 49. Kf3 Rb6 50. Qf7 h3 51. Qxc4+ Kb7 52. Qc7+ Ka6 53.
Qxb6+ Kxb6 54. Kg3 Kc6 55. Kxh3 Kd5 56. Kg4 Kc4 57. Kf5 Kd3 58. Be5 Ke3 59. c4
Kd3 60. c5 Kc4 61. c6 Kc5 62. c7 Kd5 63. Bd4 Kxd4 64. c8=Q Kd5 65. Qc3 Kd6 66.
Qc4 Kd7 67. Qc5 Ke8 68. Qc7 Kf8 69. Kf6 Kg8 70. Qg7# 1-0

[Event "ICS rated blitz match"]
[Site "204.178.125.65"]
[Date "2000.03.08"]
[Round "?"]
[White "heatstroke"]
[Black "Hossa"]
[Result "1-0"]
[WhiteElo "2847"]
[BlackElo "2512"]
[PlyCount "71"]

1. d4 Nf6 2. c4 e6 3. Nf3 b6 4. g3 Ba6 5. b3 Bb4+ 6. Bd2 Be7 7. Bg2 c6 8. Bc3
d5 9. Ne5 Nfd7 10. Nxd7 Nxd7 11. O-O h5 12. e3 h4 13. Re1 hxg3 14. hxg3 Bd6 15.
e4 dxc4 16. e5 Be7 17. Qg4 Qc7 18. Qxg7 Rh5 19. Qg4 Rh6 20. Qe2 b5 21. bxc4
bxc4 22. Rc1 Nb6 23. Nd2 Ba3 24. Rc2 Bb5 25. Qe3 Rh8 26. Ba5 Bf8 27. a4 Bh6 28.
Qf3 Bxd2 29. Rxd2 Rc8 30. axb5 cxb5 31. Qf6 Rh5 32. Bb4 Nd5 33. Bxd5 exd5 34.
e6 a5 35. Rxa5 fxe6 36. Qxe6+ 1-0

[Event "ICS rated blitz match"]
[Site "204.178.125.65"]
[Date "2000.03.08"]
[Round "?"]
[White "Hossa"]
[Black "JudgeTurpin"]
[Result "1/2-1/2"]
[WhiteElo "2508"]
[BlackElo "2424"]
[PlyCount "247"]

1. d4 d5 2. c4 dxc4 3. Nf3 Nf6 4. e3 Bg4 5. Bxc4 e6 6. h3 Bh5 7. Nc3 Nbd7 8.
O-O Bd6 9. e4 e5 10. Be2 O-O 11. dxe5 Nxe5 12. Nd4 Bc5 13. Nb3 Qxd1 14. Bxd1
Bb6 15. a4 c6 16. Bg5 Bxd1 17. Rfxd1 Rfd8 18. Bxf6 gxf6 19. a5 Bc7 20. Nd4 Nc4
21. b4 Nb2 22. Rd2 Nc4 23. Rd3 f5 24. exf5 Nb2 25. Rd2 Nc4 26. Rdd1 Nb2 27.
Rdb1 Rxd4 28. Rxb2 Rd3 29. Rc2 Be5 30. Rac1 Rad8 31. Kf1 Bf4 32. Rb1 Be5 33.
Rb3 Kf8 34. Ke2 b6 35. Ra3 Bd6 36. axb6 axb6 37. Ra4 Rd4 38. Rb2 b5 39. Ra1
Bxb4 40. Na2 Bc5 41. Rc2 R8d5 42. g4 h5 43. Nc3 Re5+ 44. Kf3 hxg4+ 45. hxg4
Rd3+ 46. Kg2 Ke7 47. f4 Ree3 48. Ne2 Ba3 49. g5 c5 50. g6 Kf6 51. gxf7 Kxf7 52.
Rh1 Kf6 53. Rh5 Bb4 54. Ra2 Ra3 55. Rxa3 Rxa3 56. Ng3 Re3 57. Rh6+ Kf7 58. Rb6
Be1 59. Nh5 b4 60. Rf6+ Ke7 61. Rc6 Bc3 62. Rxc5 b3 63. f6+ Bxf6 64. Nxf6 Kxf6
65. f5 Re5 66. Rc6+ Kxf5 67. Kf3 Rb5 68. Rh6 Rb4 69. Rh1 b2 70. Rb1 Rb3+ 71.
Ke2 Ke5 72. Kd2 Kd5 73. Kc2 Kc4 74. Rxb2 Rf3 75. Rb1 Rf2+ 76. Kd1 Kd4 77. Rc1
Kd3 78. Ke1 Re2+ 79. Kf1 Rb2 80. Rd1+ Kc4 81. Re1 Kd4 82. Rc1 Rd2 83. Re1 Kd3
84. Rb1 Ke4 85. Rb5 Rc2 86. Rg5 Kf3 87. Rf5+ Ke3 88. Rg5 Rf2+ 89. Kg1 Rb2 90.
Rh5 Rd2 91. Rh4 Ra2 92. Rh3+ Ke4 93. Rh1 Rd2 94. Rh3 Rb2 95. Rh1 Kf3 96. Rh3+
Kf4 97. Rd3 Ra2 98. Rh3 Kg5 99. Rh1 Rc2 100. Rh3 Kg4 101. Re3 Rd2 102. Re1 Kf3
103. Rf1+ Ke3 104. Re1+ Kd3 105. Rc1 Rb2 106. Rd1+ Ke2 107. Rc1 Kf3 108. Re1
Rg2+ 109. Kh1 Rg7 110. Rf1+ Ke4 111. Re1+ Kf4 112. Rf1+ Ke3 113. Rd1 Kf2 114.
Rd2+ Kf3 115. Rh2 Rg4 116. Rd2 Rg5 117. Rh2 Ke4 118. Rf2 Rg3 119. Re2+ Kf4 120.
Rf2+ Kg4 121. Rh2 Rc3 122. Rg2+ Kf4 123. Rh2 Rg3 124. Rf2+ 1/2-1/2

[Event "ICS rated blitz match"]
[Site "204.178.125.65"]
[Date "2000.03.08"]
[Round "?"]
[White "JudgeTurpin"]
[Black "Hossa"]
[Result "1-0"]
[WhiteElo "2428"]
[BlackElo "2504"]
[PlyCount "127"]

1. d4 d5 2. c4 e6 3. Nc3 c5 4. e3 cxd4 5. exd4 Nf6 6. Nf3 Be7 7. c5 O-O 8. b4
Ne4 9. Qb3 Nc6 10. Bd3 Bf6 11. Be3 Nxc3 12. Qxc3 Kh8 13. b5 Qa5 14. Kd2 Qxc3+
15. Kxc3 Nb8 16. Bg5 Bxg5 17. Nxg5 g6 18. Rae1 h6 19. Nf3 Kg7 20. g3 a6 21. b6
Nc6 22. Re3 f6 23. Bc2 e5 24. Ba4 Ne7 25. Ra1 a5 26. dxe5 fxe5 27. Nxe5 Rxf2
28. Rf3 Rxf3+ 29. Nxf3 Bf5 30. Nd4 Rc8 31. Nb3 Be4 32. Re1 g5 33. Bd7 Rd8 34.
Bb5 Rc8 35. a4 Nc6 36. Bxc6 Rxc6 37. Kd4 Rc8 38. Nxa5 Rb8 39. Nc4 Ra8 40. Nd6
Rxa4+ 41. Ke5 Ra2 42. Nxb7 Rxh2 43. c6 Bf3 44. Nd6 d4 45. c7 Rc2 46. Kxd4 h5
47. c8=Q Rxc8 48. Nxc8 h4 49. gxh4 gxh4 50. Nd6 Ba8 51. b7 Bxb7 52. Nxb7 Kg6
53. Ke4 Kg5 54. Nd6 h3 55. Rh1 Kg4 56. Nf5 Kg5 57. Rxh3 Kf6 58. Rh6+ Kg5 59.
Rc6 Kg4 60. Ne3+ Kg3 61. Rf6 Kh3 62. Kf3 Kh4 63. Rf5 Kh3 64. Rh5# 1-0

[Event "ICS rated blitz match"]
[Site "204.178.125.65"]
[Date "2000.03.08"]
[Round "?"]
[White "JUDAPRIEST"]
[Black "Hossa"]
[Result "0-1"]
[WhiteElo "2137"]
[BlackElo "2485"]
[PlyCount "58"]

1. d4 d5 2. e4 dxe4 3. Nc3 Nf6 4. f3 exf3 5. Nxf3 e6 6. Bd3 Be7 7. O-O Nc6 8.
Bg5 Nxd4 9. Nxd4 Qxd4+ 10. Kh1 Qb6 11. Qe1 Bd7 12. a4 O-O-O 13. a5 Qxb2 14. a6
b6 15. Bxf6 Bxf6 16. Qe4 c6 17. Nb5 Kb8 18. Nd6 Qe5 19. Rxf6 Qxa1+ 20. Rf1 f5
21. Qf4 e5 22. Qb4 Qa5 23. Qb2 Qd5 24. Nc4 Qd4 25. Qb4 e4 26. Be2 Be6 27. Rd1
Qxd1+ 28. Bxd1 Rxd1+ 29. Qe1 Rxe1# 0-1

[Event "ICS rated blitz match"]
[Site "204.178.125.65"]
[Date "2000.03.08"]
[Round "?"]
[White "Hossa"]
[Black "Tinker"]
[Result "1/2-1/2"]
[WhiteElo "2489"]
[BlackElo "2430"]
[PlyCount "203"]

1. e4 e5 2. Nf3 d6 3. d4 Nf6 4. Nc3 exd4 5. Nxd4 Bd7 6. Bc4 Bg4 7. f3 Bd7 8.
O-O Be7 9. Be3 c6 10. Qd2 O-O 11. Rfd1 b5 12. Bd3 b4 13. Nce2 d5 14. e5 Ne8 15.
Nf4 c5 16. Nf5 d4 17. Bf2 Bg5 18. Bg3 Nc6 19. Qe2 c4 20. Be4 d3 21. Qf2 Bxf5
22. Bxc6 Rb8 23. cxd3 Bxf4 24. Bxf4 cxd3 25. Qxa7 Rc8 26. Rac1 Rc7 27. Qb6 Qe7
28. Bd2 Qxe5 29. Bxb4 Nd6 30. Qxc7 Qd4+ 31. Kh1 Qxb4 32. Bd7 d2 33. Ra1 Bxd7
34. Qxd7 Re8 35. Rg1 Qxb2 36. Qxd6 Qxa1 37. Qxd2 Qe5 38. f4 Qe2 39. Qxe2 Rxe2
40. Ra1 Kf8 41. a4 Re6 42. a5 Ra6 43. g3 Ke7 44. Re1+ Kd6 45. Re5 g6 46. Kg2 f6
47. Rb5 Kc6 48. Rb8 Rxa5 49. Rf8 f5 50. Rf7 Ra2+ 51. Kh3 Kd5 52. Rxh7 Ke6 53.
Rg7 Kf6 54. Rc7 Rb2 55. Rd7 Re2 56. Rb7 Ra2 57. Rb5 Kf7 58. Rc5 Kf6 59. Rc8 Rb2
60. Rc7 Ra2 61. Rb7 Rc2 62. Rb6+ Kf7 63. Rd6 Ra2 64. Rc6 Rd2 65. Rc8 Kf6 66.
Rc3 Re2 67. Rc6+ Kf7 68. Ra6 Rb2 69. Ra7+ Kf6 70. Ra5 Kf7 71. Ra6 Kg7 72. Ra8
Kf6 73. Rg8 Ra2 74. Rf8+ Ke7 75. Rb8 Kf6 76. Rb6+ Kf7 77. Rd6 Rb2 78. Rd4 Ke6
79. Rd3 Ra2 80. Rd1 Rb2 81. Rd8 Ra2 82. Re8+ Kf7 83. Rc8 Rb2 84. Rc4 Kf6 85.
Rc6+ Kf7 86. Rc3 Kf6 87. Rd3 Kf7 88. Rd7+ Ke6 89. Rg7 Kf6 90. Ra7 Rc2 91. Ra1
Kf7 92. Ra4 Kf6 93. Rb4 Kf7 94. Rb1 Kf6 95. Re1 Rb2 96. Re3 Ra2 97. Rb3 Kf7 98.
Rb1 Kg7 99. Re1 Kf7 100. Rc1 Rf2 101. Rb1 Rf3 102. Kg2 1/2-1/2

[Event "ICS Rated blitz match"]
[Site "204.178.125.65"]
[Date "2000.03.08"]
[Round "?"]
[White "Hossa"]
[Black "baszewicz"]
[Result "1-0"]
[WhiteElo "2486"]
[BlackElo "2215"]
[PlyCount "125"]

1. e4 d6 2. d4 Nf6 3. Nc3 g6 4. Nf3 Bg7 5. Be2 O-O 6. O-O e6 7. e5 dxe5 8. dxe5
Qxd1 9. Rxd1 Nfd7 10. Nb5 Na6 11. Bf4 g5 12. Bxg5 Nxe5 13. Nxe5 Bxe5 14. c3 Kg7
15. Be3 b6 16. Bf3 Rb8 17. Nxa7 Bb7 18. Nc6 Bxc6 19. Bxc6 Rbd8 20. Rxd8 Rxd8
21. f4 Bf6 22. g4 h6 23. Kg2 Nb8 24. Be4 Be7 25. Re1 Bd6 26. h4 f6 27. g5 hxg5
28. hxg5 fxg5 29. fxg5 Nd7 30. Rh1 Nf8 31. g6 Nxg6 32. Bh6+ Kf6 33. Rf1+ Nf4+
34. Bxf4 Bxf4 35. Rxf4+ Ke5 36. Kf3 Rd2 37. b3 Rxa2 38. Rf7 Kd6 39. Rf8 Rb2 40.
b4 Ke7 41. Rc8 Kd7 42. Rh8 Rb3 43. Kf2 Rxc3 44. b5 Kd6 45. Re8 Rc5 46. Bc6 Rf5+
47. Ke3 Re5+ 48. Kd4 Rh5 49. Rd8+ Ke7 50. Rd7+ Kf6 51. Rxc7 Rh4+ 52. Ke3 Rh3+
53. Bf3 Rh5 54. Bxh5 Ke5 55. Rc6 Kd5 56. Rxb6 Kc5 57. Rxe6 Kxb5 58. Kd4 Kb4 59.
Be2 Kb3 60. Bd3 Kb4 61. Bc4 Ka5 62. Kc5 Ka4 63. Ra6# 1-0